Contract governance : (Record no. 1566)

MARC details
000 -LEADER
fixed length control field 06132cam a2200481 i 4500
001 - CONTROL NUMBER
control field data
005 - DATE AND TIME OF LATEST TRANSACTION
control field 20260322212106.0
008 - FIXED-LENGTH DATA ELEMENTS--GENERAL INFORMATION
fixed length control field data
035 ## - SYSTEM CONTROL NUMBER
System control number 18390399
010 ## - LIBRARY OF CONGRESS CONTROL NUMBER
LC control number 2014958053
015 ## - NATIONAL BIBLIOGRAPHY NUMBER
National bibliography number GBB4E3318
Source bnb
016 7# - NATIONAL BIBLIOGRAPHIC AGENCY CONTROL NUMBER
Record control number 016972644
Source Uk
020 ## - INTERNATIONAL STANDARD BOOK NUMBER
International Standard Book Number 9780198723202
Qualifying information (hardback)
020 ## - INTERNATIONAL STANDARD BOOK NUMBER
International Standard Book Number 0198723202
Qualifying information (hardback)
035 ## - SYSTEM CONTROL NUMBER
System control number (OCoLC)907639211
040 ## - CATALOGING SOURCE
Original cataloging agency NLGGC
Language of cataloging eng
Transcribing agency NLGGC
Description conventions rda
Modifying agency DLC
-- BTCTA
-- YDXCP
-- BDX
-- UKMGB
-- NLE
-- CDX
-- OCLCF
-- BUF
-- OCLCQ
-- GZL
-- LTSCA
-- DLC
042 ## - AUTHENTICATION CODE
Authentication code lccopycat
050 00 - LIBRARY OF CONGRESS CALL NUMBER
Classification number K840
Item number .C656 2015
082 04 - DEWEY DECIMAL CLASSIFICATION NUMBER
Classification number 346.022
Edition information 23
245 00 - TITLE STATEMENT
Title Contract governance :
Remainder of title dimensions in law and interdisciplinary research /
Statement of responsibility, etc. edited by Stefan Grundmann, Florian Möslein, Karl Riesenhuber.
250 ## - EDITION STATEMENT
Edition statement First edition
264 #1 - PRODUCTION, PUBLICATION, DISTRIBUTION, MANUFACTURE, AND COPYRIGHT NOTICE
Place of production, publication, distribution, manufacture New York :
-- New York :
Name of producer, publisher, distributor, manufacturer Oxford University Press,
Date of production, publication, distribution, manufacture, or copyright notice 2015.
264 #4 - PRODUCTION, PUBLICATION, DISTRIBUTION, MANUFACTURE, AND COPYRIGHT NOTICE
Date of production, publication, distribution, manufacture, or copyright notice ©2015
300 ## - PHYSICAL DESCRIPTION
Extent xiii, 473 pages ;
Dimensions 24 cm
336 ## - CONTENT TYPE
Content type term text
Content type code txt
Source rdacontent
337 ## - MEDIA TYPE
Media type term unmediated
Media type code n
Source rdamedia
338 ## - CARRIER TYPE
Carrier type term volume
Carrier type code nc
Source rdacarrier
504 ## - BIBLIOGRAPHY, ETC. NOTE
Bibliography, etc. note Includes bibliographical references and index.
505 0# - FORMATTED CONTENTS NOTE
Formatted contents note Part I. The overall architecture of contract governance. Contract governance : dimensions in law and interdisciplinary research / Stefan Grundmann, Karl Riesenhuber, and Florian Möslein -- Part II. Third party impact and contract governance problems in herd behaviour. The concept of herd behaviour : its psychological and neural underpinnings / Tatsuya Kameda, Keigo Inukai, Thomas Wisdom, and Wataru Toyokawa ; Law, economics and more : the genius of contract governance / Peer Zumbansen ; Moral hazard and herd behaviour in the financial crisis / Bruno S. Frey and Reto Cueni ; Whistle blowing in the stampede? / Gunther Teubner ; Herd behaviour and third party impact as a legal concept : on tulips, pyramid games and asset-backed securities / Hans-W. Micklitz ; Summary of the discussions in Part II / Isabelle Wildhaber -- Part III. Governance of networks of contracts. Contract, uncertainty, and innovation / Ronald J. Gilson, Charles F. Sabel, and Robert E. Scott ; Getting is just right / Gerard Hertig ; Contractual networks in a socio-economic perspective : the case of the European financial crisis (2009-2010) / Richard Swedberg ; Networks in socio-economic perspective : a proposal for financial regulatory reform / Marc Amstutz ; Governance mechanism in long-term contracts / Michael Klausner ; Summary of the discussions in Part III / Florent Thouvenin -- Part IV. Governance in long-term contractual relationships. Fairness and reciprocity in contract governance / Stefan Magen ; The governance of contract relations : a case for fairness? / Gralf-Peter Calliess ; Class actions, compliance, and moral cost / Bruno Deffains and Dominique Demougin ; Intrinsic and extrinsic motivations to comply with legal rules / Fernando Gomez and Mireia Artigot i Golobardes ; Legal supervision of commercial opportunism / Clayton Gillette ; Commercial opportunism from an incentive perspective / Urs Schweizer ; Summary of the discussions in Part IV / Stefan Wichary -- Part V. Contract governance and rule setting. Private regulation and industrial organisation : contractual governance and the network approach / Fabrizio Cafaggi and Paola Iamiceli ; Private regulations and networks in transnational supply chains / Wolfgang Kerber ; Flipping wreck : lex mercatoria on the shoals of ius cogens / Hugh Collins ; Lex mercatoria, the ISDA master agreement, and ius cogens / Horst Eidenmuller ; Innovation and the role of public-private collaboration in contract governance / Katharina Pistor ; The Vienna initiative : a new mode of governance? / Gunnar Folke Schuppert ; Summary of the discussions in Part V / Susanne Augenhofer -- Part VI. Contract governance and political dimensions. Regulating sovereign bond contracts in Europe / Kern Alexander ; Contract governance, disclosure, and rule-setting between the market and the law : a view from commercial and company law / Klaus J. Hopt.
520 ## - SUMMARY, ETC.
Summary, etc. "This book introduces and develops Contract Governance as a new approach to contract theory. While the concept of governance has already been developed in Williamson's seminal article, it has, ironically, not received much attention in general contract law theory. Indeed, Contract Governance appears to be an important and necessary complement to corporate governance and in fact, as the second, equally important pillar of governance research in the core of private law. With this in mind, Grundmann, Moslein, and Riesenhuber provide a novel approach in setting an international and interdisciplinary research agenda for developing contract law scholarship. Contract Governance focuses particularly on the ways in which a governance perspective leads to research questions that have been neglected in traditional contract law scholarship, and how, from a governance perspective, the questions are dealt with in a different manner and style. Combining substantive chapters and commentaries, this collection of essays addresses an array of topics, including: third party impact and contract governance problems in herd behavior; governance of networks of contracts; governance in long-term contractual relationships; contract governance and rule setting; and contract governance and political dimensions."--Publisher description.
650 #0 - SUBJECT ADDED ENTRY--TOPICAL TERM
Topical term or geographic name entry element Contracts.
650 #7 - SUBJECT ADDED ENTRY--TOPICAL TERM
Topical term or geographic name entry element Contracts.
Source of heading or term fast
Authority record control number or standard number (OCoLC)fst00876969
700 1# - ADDED ENTRY--PERSONAL NAME
Personal name Grundmann, Stefan,
Dates associated with a name 1958-
Relator term editor.
700 1# - ADDED ENTRY--PERSONAL NAME
Personal name Möslein, Florian,
Relator term editor.
700 1# - ADDED ENTRY--PERSONAL NAME
Personal name Riesenhuber, Karl,
Relator term editor.
856 42 - ELECTRONIC LOCATION AND ACCESS
Materials specified Contributor biographical information
Uniform Resource Identifier <a href="http://www.loc.gov/catdir/enhancements/fy1604/2014958053-b.html">http://www.loc.gov/catdir/enhancements/fy1604/2014958053-b.html</a>
856 42 - ELECTRONIC LOCATION AND ACCESS
Materials specified Publisher description
Uniform Resource Identifier <a href="http://www.loc.gov/catdir/enhancements/fy1604/2014958053-d.html">http://www.loc.gov/catdir/enhancements/fy1604/2014958053-d.html</a>
856 41 - ELECTRONIC LOCATION AND ACCESS
Materials specified Table of contents only
Uniform Resource Identifier <a href="http://www.loc.gov/catdir/enhancements/fy1604/2014958053-t.html">http://www.loc.gov/catdir/enhancements/fy1604/2014958053-t.html</a>
906 ## - LOCAL DATA ELEMENT F, LDF (RLIN)
a 7
b cbc
c copycat
d 2
e epcn
f 20
g y-gencatlg
925 0# -
-- acquire
-- 1 shelf copy
-- policy default
985 ## -
-- BibFramePilot
-- 20151207
Holdings
Withdrawn status Lost status Damaged status Not for loan Home library Current library Shelving location Date acquired Total checkouts Full call number Barcode Date last seen Price effective from Koha item type
        Liberty Liberty General stacks 22/03/2026   346.022 LOC-LPL-00029 22/03/2026 22/03/2026 Books